Statistics for Smallest northernmost and southernmost countries

Click here to take the quiz!

General Stats

  • This quiz has been taken 34 times
  • The average score is 14 of 21

Answer Stats

LatitudeAreaCountry% Correct
67°08'N102,775Iceland
90%
83°06'N9,984,670Canada
81%
57°45'N43,094Denmark
81%
56°32'S756,102Chile
74%
59°48'N45,227Estonia
71%
52°37'S270,467New Zealand
71%
35°02'S176,215Uruguay
71%
80°49'N385,207Norway
68%
70°05'N338,425Finland
65%
47°14'N160Liechtenstein
65%
50°11'N2,586Luxembourg
65%
43°45'N2.02Monaco
65%
41°54'N0.49Vatican City
65%
27°19'S17,364Eswatini
61%
53°32'N41,850Netherlands
61%
43°59'N61San Marino
61%
51°30'N30,628Belgium
58%
30°40'S30,335Lesotho
58%
0°33'S21Nauru
58%
10°48'S26Tuvalu
58%
22°21'S747Tonga
55%

Score Distribution

Percentile by Number Answered

Percent of People with Each Score

Your Score History

You have not taken this quiz